4 Largest Cities in Every State - Statistics

General Stats
  • This quiz has been taken 57 times
    22 since last reset
  • The average score is 134 of 200
Answer Stats
State Answer % Correct
Alabama Birmingham
94%
Indiana Indianapolis
94%
Alabama Mobile
94%
Alabama Montgomery
94%
Alaska Anchorage
88%
Montana Billings
88%
North Dakota Bismarck
88%
Iowa Des Moines
88%
Michigan Detroit
88%
Alaska Fairbanks
88%
Alaska Juneau
88%
Arkansas Little Rock
88%
Tennessee Nashville
88%
Rhode Island Providence
88%
Massachusetts | Missouri Springfield
88%
New Mexico Albuquerque
81%
Georgia Atlanta
81%
Georgia Augusta
81%
Texas Austin
81%
Maryland Baltimore
81%
Louisiana Baton Rouge
81%
Idaho Boise
81%
Massachusetts Boston
81%
New York Buffalo
81%
Vermont Burlington
81%
South Carolina | West Virginia Charleston
81%
Illinois Chicago
81%
Ohio Cincinnati
81%
Ohio Cleveland
81%
Georgia | Ohio Columbus
81%
New Hampshire Concord
81%
Texas Dallas
81%
Colorado Denver
81%
Delaware Dover
81%
Connecticut Hartford
81%
Hawaii Honolulu
81%
Texas Houston
81%
Alabama Huntsville
81%
Mississippi Jackson
81%
Florida Jacksonville
81%
New Jersey Jersey City
81%
Kansas | Missouri Kansas City
81%
Nevada Las Vegas
81%
California Los Angeles
81%
Kentucky Louisville
81%
Georgia Macon
81%
Tennessee Memphis
81%
Florida Miami
81%
Wisconsin Milwaukee
81%
Minnesota Minneapolis
81%
Connecticut New Haven
81%
Louisiana New Orleans
81%
New York New York City
81%
Virginia Norfolk
81%
Oklahoma Oklahoma City
81%
Nebraska Omaha
81%
Florida Orlando
81%
Pennsylvania Philadelphia
81%
Arizona Phoenix
81%
Pennsylvania Pittsburgh
81%
Maine | Oregon Portland
81%
North Carolina Raleigh
81%
Utah Salt Lake City
81%
Texas San Antonio
81%
California San Diego
81%
California San Francisco
81%
California San Jose
81%
New Mexico Santa Fe
81%
Washington Seattle
81%
South Dakota Sioux Falls
81%
Washington Spokane
81%
Missouri St. Louis
81%
Minnesota St. Paul
81%
Florida Tampa
81%
Arizona Tucson
81%
Oklahoma Tulsa
81%
Kansas Wichita
81%
Colorado | Illinois Aurora
75%
Connecticut Bridgeport
75%
Iowa Cedar Rapids
75%
North Carolina Charlotte
75%
Wyoming Cheyenne
75%
Colorado Colorado Springs
75%
Missouri | South Carolina Columbia
75%
North Carolina Durham
75%
North Dakota Fargo
75%
Arkansas Fayetteville
75%
Michigan Grand Rapids
75%
Montana Great Falls
75%
North Carolina Greensboro
75%
Nebraska Lincoln
75%
Wisconsin Madison
75%
Delaware | New Jersey Newark
75%
Nevada Reno
75%
Minnesota | New York Rochester
75%
Oregon Salem
75%
Louisiana Shreveport
75%
Indiana South Bend
75%
Washington Tacoma
75%
Virginia Virginia Beach
75%
Massachusetts Cambridge
69%
Wyoming Casper
69%
Tennessee Chattanooga
69%
Virginia Chesapeake
69%
Minnesota Duluth
69%
Oregon Eugene
69%
Indiana Evansville
69%
Colorado Fort Collins
69%
Indiana Fort Wayne
69%
Wisconsin Green Bay
69%
Nevada Henderson
69%
Idaho Idaho Falls
69%
Tennessee Knoxville
69%
Louisiana Lafayette
69%
New Mexico Las Cruces
69%
Kentucky Lexington
69%
New Hampshire Manchester
69%
Arizona Mesa
69%
Montana Missoula
69%
Nevada North Las Vegas
69%
Utah Provo
69%
New Mexico Rio Rancho
69%
Ohio Toledo
69%
Delaware Wilmington
69%
Massachusetts Worcester
69%
Mississippi Biloxi
63%
Montana Bozeman
63%
Oklahoma Broken Arrow
63%
Arizona Chandler
63%
Iowa Davenport
63%
Oregon Gresham
63%
Hawaii Hilo
63%
Illinois Joliet
63%
Illinois Naperville
63%
Kansas Overland Park
63%
Iowa Sioux City
63%
Washington Vancouver
63%
Utah West Valley City
63%
New York Yonkers
63%
Pennsylvania Allentown
56%
Hawaii East Honolulu
56%
Arkansas Fort Smith
56%
North Dakota Grand Forks
56%
Idaho Meridian
56%
Idaho Nampa
56%
New Hampshire Nashua
56%
Oklahoma Norman
56%
South Carolina North Charleston
56%
Hawaii Pearl City
56%
Vermont South Burlington
56%
Maine South Portland
56%
Connecticut Stamford
56%
Michigan Warren
56%
Utah West Jordan
56%
Virginia Arlington
50%
Maine Bangor
50%
Nebraska Bellevue
50%
Kansas Olathe
50%
Rhode Island Pawtucket
50%
Michigan Sterling Heights
50%
Rhode Island Cranston
44%
Pennsylvania Reading
44%
Maryland Rockville
44%
South Dakota Aberdeen
38%
Wisconsin Kenosha
38%
West Virginia Morgantown
38%
Kentucky Bowling Green
31%
Mississippi Gulfport
31%
West Virginia Huntington
31%
Maine Lewiston
31%
Kentucky Owensboro
31%
New Jersey Paterson
31%
Rhode Island Warwick
31%
Maryland Frederick
25%
Wyoming Gillette
25%
Nebraska Grand Island
25%
New Jersey Lakewood
25%
Wyoming Laramie
25%
North Dakota Minot
25%
South Carolina Mount Pleasant
25%
South Dakota Rapid City
25%
Alaska Badger
19%
South Dakota Brookings
19%
Maryland Gaithersburg
19%
West Virginia Parkersburg
19%
Vermont Rutland
19%
Mississippi South Haven
19%
Arkansas Springdale
19%
New Hampshire Derry
13%
Vermont Colchester
6%
Delaware Middletown
6%
No matching quizzes found
Score Distribution
Percent of People with Each Score
Percentile by Number Answered
Your Score History
You have not taken this quiz since the last reset